000 00209nam a22000857a 4500
008 170118b xxu||||| |||| 00| 0 eng d
100 _92465
_aVerma.S.
245 _aMathematics-VII
260 _aNew Delhi
_bPrachi
_c2010
999 _c5526
_d5526